000 00688nam a2200193Ii 4500
003 JO-AjNU
008 230605s9999||||xx |||||||||||||| ||und||
040 _aJO-AjNU
_bara
_erda
_cJO-AjNU
041 _aara
050 1 4 _aHD62.15.K4264
100 3 _aاعداد خفاجي، عباس,
_eauthor
_952188
245 0 0 _aادارة الجودة الشاملة = TOM
264 3 1 _aعمان: جامعة الاسراء دائرة التعليم المستمر وخدمة المجنمع، د.ت
300 _a98ص
336 _atext
_btxt
_2rdacontent
337 _aunmediated
_bn
_2rdamedia
338 _avolume
_bnc
_2rdacarrier
650 4 _aادارة الجودة الشاملة = TOM
_952189
999 _aA23103
_c26671
_d26671